000 00376 a2200145 4500
020 _a0074519794
082 _a519.5
090 _c6306
_d6306
100 _aVohra,N D.
245 _aQuantitative Techniques in Management.
_cN D Vohra.
260 _aNew Delhi.
_bTata McGraw Hill publishing.
_c1990.
300 _a752p.
500 _aHard Cover.
942 _aNBS
_cBK
_k519.5 VOH
999 _c348674
_d348674